| 000 | 00420nam a22001577a 4500 | ||
|---|---|---|---|
| 999 |
_c19548 _d19548 |
||
| 005 | 20180312151148.0 | ||
| 008 | 170607b ck |||| |||| 00| 0 spa d | ||
| 040 |
_aCO-BoIAVH _cCO-BoIAVH |
||
| 041 | 0 | _aspa | |
| 044 | _abe | ||
| 090 |
_aFG- _b0236 |
||
| 245 | 0 | 0 | _a52 gestos por la biodiversidad |
| 260 |
_aBégica: _bIRScNB, _c2010. |
||
| 300 |
_a52 páginas : _bilustraciones a color ; _c14 x 11 cm |
||
| 942 |
_2z _cLIBRO |
||